Sintonización de controladores PI/PID mediante el desarrollo de una aplicación en android

Guardat en:
Dades bibliogràfiques
Autor principal: Wu Wu, Steven, 1989-
Altres autors: Arrieta Orozco, Orlando, 1980- Director de Proyecto Eléctrico
Format: Llibre
Idioma:Spanish
Publicat: [San José], Costa Rica 2012
Matèries:
Etiquetes: Afegir etiqueta
Sense etiquetes, Sigues el primer a etiquetar aquest registre!

MARC

LEADER 00000nam a22000007a 4500
003 011933
005 20230706113957.0
008 150312b2013 cr a|||| |||| 00| 0 spa d
040 |c cru CEDI 
100 |9 913  |a Wu Wu, Steven, 1989- 
245 |a Sintonización de controladores PI/PID mediante el desarrollo de una aplicación en android 
260 |a [San José], Costa Rica  |c  2012 
500 |a Proyecto de graduación (bachillerato en ingeniería eléctrica)-- Universidad de Costa Rica. Facultad de Ingeniería. Escuela de Ingeniería Eléctrica 
501 |a Profesor Guía de IE-0499 Proyecto Eléctrico: Dr. Orlando Arrieta Orozco 
650 |x CONTROL AUTOMATICO   |x CONTROLADORES LOGICOS PROGRAMABLES  |x CONTROLADORES PID   |9 428 
700 |9 914  |a Arrieta Orozco, Orlando, 1980-   |d Director de Proyecto Eléctrico  
942 |c CEDI  |h TFG 7099  |6 TFG_7099_000000000000000 
999 |c 13686  |d 13686